000 00464nam a2200169Ia 4500
003 OSt
005 20210920124025.0
008 190216s9999||||xx |||||||||||||| ||und||
040 _coclc
082 _a297
_bMUH/A
100 _aMuhammed, T K M
_98768
245 0 _aAl Arabiyathul Hayath /
_cT K M Muhammed
260 _bTirurangadi Book Stall,
_aTirurangadi:
300 _a443p
650 _aArabic
942 _cBK
_2ddc
_h297
_iTKM/A
_k297
_mTKM/A
999 _c997
_d997